000 00510nam a2200181Ia 4500
008 240925s9999 xx 000 0 und d
020 _a9788126540723
082 _a621.31 WEE
100 _aWeedy, B. M.; Cory, B. M.; Jenkins, N. ; Ekanayake, J. B.; Strbac, G.
245 0 _aElectric Power Systems
250 _a5th
260 _aNew Delhi:
_bJohn Wiley & Sons
_c,2014.
300 _a399p.
_b0
_fOriginal
500 _aIncludes Index
600 _aPower Engineering
650 _aTechnology
942 _cBK
999 _c13258
_d13258